Greenland postmarks since 1938 (Record no. 1939)

000 -LEADER
fixed length control field 00491nam a22001097a 4500
008 - FIXED-LENGTH DATA ELEMENTS--GENERAL INFORMATION
fixed length control field 160425b xxu||||| |||| 00| 0 eng d
100 ## - MAIN ENTRY--AUTHOR'S NAME
Author's Name King-Farlow, R.
245 ## - TITLE STATEMENT
Title Greenland postmarks since 1938
260 ## - PUBLICATION, DISTRIBUTION, ETC. (IMPRINT)
Place of publication, distribution, etc. [Oak Park? IL]
Name of publisher, distributor, etc. The Posthorn, Scandinavian Collectors Club
Date of publication, distribution, etc. 1960
650 ## - TOPICAL TERM (Tag)
Topical term or geographic name Greenland | Postal Markings | 1938-1960 | Postal Stations | Postal Agencies | Post Offices | Postal History | 20th Century | Royal Greenland Trade Department. Denmark | Copenhagen
700 ## - SECONDARY AUTHOR, EDITOR OR ILLUSTRATOR
Personal Name Wowern, Eric
Holdings
Withdrawn status Lost status Source of classification or shelving scheme Damaged status Koha normalized classification for sorting Not for loan Permanent Location Current Location Date acquired Total Checkouts Full call number Barcode Date last seen Price effective from
        G3381 P857 K54   Northern Philatelic Library Northern Philatelic Library 04/25/2016   G3381 P857 K54 1002250 04/15/2017 04/25/2016

Powered by Koha